Library Management During Pandemic: (Record no. 193917)

MARC details
000 -LEADER
fixed length control field 00868nam a22002057a 4500
005 - DATE AND TIME OF LATEST TRANSACTION
control field 20230302112605.0
010 ## - LCCN (DPL NO)
LC control number B-746221-225 E.N.A./7.11.22
020 ## - INTERNATIONAL STANDARD BOOK NUMBER
International Standard Book Number 9789392594441
Terms of availability 1100.00
035 ## - SYSTEM CONTROL NUMBER
System control number B-746221-225
037 ## - SOURCE OF ACQUISITION
Source of stock number/acquisition Ess Ess Publications
082 ## - DEWEY DECIMAL CLASSIFICATION NUMBER
Classification number 025.1
245 ## - TITLE STATEMENT
Title Library Management During Pandemic:
Remainder of title Issues and Challenges/
Statement of responsibility, etc edi. by Md. Alamgir khan & Shamim Aktar Munshi
260 ## - PUBLICATION, DISTRIBUTION, ETC. (IMPRINT)
Name of publisher, distributor, etc Ess Ess Publications
Date of publication, distribution, etc 2022
Place of publication, distribution, etc New Delhi
270 ## - ADDRESS
Address 4831/24, Ansari Road , Darya Ganj,
City New Delhi
Postal code 110002
300 ## - PHYSICAL DESCRIPTION
Extent xvii,269p.
Other physical details 23cm(hbk)
700 ## - ADDED ENTRY--PERSONAL NAME
Personal name Khan, Alamgir
700 ## - ADDED ENTRY--PERSONAL NAME
Personal name Munshi Aktar Shamim
942 ## - ADDED ENTRY ELEMENTS (KOHA)
Source of classification or shelving scheme Dewey Decimal Classification
Item type English Books
Call number suffix LIB
Classification part 025.1
Holdings
Withdrawn status Lost status Not for loan Collection code Home library Current library Date acquired Source of acquisition Cost, normal purchase price Full call number Barcode Copy number Cost, replacement price Koha item type
      Non-fiction Central Library Central Library 02/03/2023 Ess Ess Pub./32743/23.11.22/162/23.11.22/30.11.22 1100.00 025.1 LIB B-746221 1 1100.00 English Books
      Non-fiction Mobile Library Mobile Library 02/03/2023 Ess Ess Pub./32743/23.11.22/162/23.11.22/30.11.22 1100.00 025.1 LIB B-746222 1 1100.00 English Books
      Non-fiction Patel Nagar Patel Nagar 02/03/2023 Ess Ess Pub./32743/23.11.22/162/23.11.22/30.11.22 1100.00 025.1 LIB B-746223 1 1100.00 English Books
      Non-fiction Sarojini Nagar Sarojini Nagar 02/03/2023 Ess Ess Pub./32743/23.11.22/162/23.11.22/30.11.22 1100.00 025.1 LIB B-746224 1 1100.00 English Books
      Non-fiction Shahdara Branch Shahdara Branch 02/03/2023 Ess Ess Pub./32743/23.11.22/162/23.11.22/30.11.22 1100.00 025.1 LIB B-746225 1 1100.00 English Books

© Delhi Public Library
Hit Counter
free hit counter